000 00554nam a2200205Ia 4500
005 20250508165541.0
008 008 250505s9999 xx 000 0 hin d
020 _a978-93-5000-524-8
037 _aTextual
040 _aFEDL
_beng
_cFEDL
041 _ahin
_2hin
084 _a891.435, SHA
_qFEDL
100 _aSharma Ramvilas
245 0 _aBhasha yugabodh aur kavita
260 _aNew Delhi, India
_bVani Prakashan
_c2010
300 _a240p.
365 _aINR
_b3462
942 _cTEXL
_h891.435, SHA
999 _c1395805
_d1395805